Statistics for SAT Words HARD Click Quiz - Z

Click here to take the quiz!

General Stats

  • This quiz has been taken 86 times
  • The average score is 8 of 15

Answer Stats

HintAnswer% Correct
Gas-filled rigid airship used for travelZeppelin
97%
Polish currency unitZloty
94%
Stringed musical instrument, played by pluckingZither
81%
Spanish folk dance with stamping feetZapateado
75%
Louisianan musical style using accordion and washboardZydeco
59%
Study of fermentation and brewingZymurgy
59%
Viral infection causing rash and nerve pain; shinglesZoster
52%
Skullcap worn by Roman Catholic ecclesiasticals, including the popeZucchetto
48%
Small camel-mounted cannonZumbooruk
48%
Femininely voluptuous; pleasingly plumpZaftig
44%
Proceeding by investigation or inquiryZetetic
42%
Secluded area in South Asia household reserved for only womenZenana
41%
Short fipple flute used to train songbirdsZuffolo
41%
External stimulus regulating circadian rhythmsZeitgeber
36%
Form of ancient beerZythum
28%

Score Distribution

Percentile by Number Answered

Percent of People with Each Score

Your Score History

You have not taken this quiz